Statistiques concernant Pays les plus visités par les litauniens

Cliquez ici pour prendre le quiz!

Statistiques générales

  • Ce quiz a été pris 35 fois
  • Le résultat moyen est 5 sur 6

Statistiques - réponses

No.touristes Destination % Correct
88,700Russie
100%
205,000Royaume-Uni
89%
232,000Lettonie
86%
116,600Allemagne
86%
139,900Pologne
82%
177,300Biélorussie
71%

Distribution des résultats

Percentile par nombre de réponses

% des personnes avec chaque résultat

Votre développement - résultats

Vous n’avez pas pris ce quiz